Library of the University of Algiers 3
Ibrahim Sultan Cheibout
شعار جامعة الجزائر 3
مكتبة جامعة الجزائر 3
إبراهيم سلطان شيبوط

التفكير و ما وراء التفكير (رقم التسجيلة. 13095)

تفاصيل مارك
000 -LEADER
fixed length control field 00812nam a2200229Ia 4500
003 - CONTROL NUMBER IDENTIFIER
control field IEPS
005 - DATE AND TIME OF LATEST TRANSACTION
control field 20250703135312.0
008 - FIXED-LENGTH DATA ELEMENTS--GENERAL INFORMATION
fixed length control field 250223s9999||||xx |||||||||||||| ||und||
020 ## - INTERNATIONAL STANDARD BOOK NUMBER
International Standard Book Number 9789957066116
040 ## - CATALOGING SOURCE
-- IEPS
041 ## - LANGUAGE CODE
Language code of text/sound track or separate title ara
082 ## - DEWEY DECIMAL CLASSIFICATION NUMBER
Classification number 153.4
100 ## - MAIN ENTRY--PERSONAL NAME
Personal name شواهين خير سليمان
245 #0 - TITLE STATEMENT
Title التفكير و ما وراء التفكير
245 #0 - TITLE STATEMENT
Remainder of title استخدام الخرائط الذهنية و المنظمات البيانية لمنهجة التفكير
260 ## - PUBLICATION, DISTRIBUTION, ETC.
Place of publication, distribution, etc. عمان
Name of publisher, distributor, etc. دار المسيرة للنشر و التوزيع و الطباعة
Date of publication, distribution, etc. 2010
300 ## - PHYSICAL DESCRIPTION
Extent 253 ص.
Other physical details جداول ، صور ، مخططات
Dimensions 24 سم.
653 ## - INDEX TERM--UNCONTROLLED
Uncontrolled term التفكير
653 ## - INDEX TERM--UNCONTROLLED
Uncontrolled term التفكير الابداعي
700 ## - ADDED ENTRY--PERSONAL NAME
Personal name بدندي شهرزاد صالح
942 ## - ADDED ENTRY ELEMENTS (KOHA)
Koha item type كتب
المقتنيات
Withdrawn status Lost status Source of classification or shelving scheme Damaged status Not for loan Home library Current library Date acquired Inventory number Total checkouts Full call number Barcode Date last seen Copy number Price effective from Koha item type
    Dewey Decimal Classification   Available مكتبة معهد التربية البدنية و الرياضية مكتبة معهد التربية البدنية و الرياضية 23/02/2025 invar8941   153.4 ش خ ت / 5 invar8941 23/02/2025 ل ع 2379 / 5 23/02/2025 كتب
    Dewey Decimal Classification   Available مكتبة معهد التربية البدنية و الرياضية مكتبة معهد التربية البدنية و الرياضية 23/02/2025 invar8942   153.4 ش خ ت / 6 invar8942 23/02/2025 ل ع 2379 / 6 23/02/2025 كتب
    Dewey Decimal Classification   Available مكتبة معهد التربية البدنية و الرياضية مكتبة معهد التربية البدنية و الرياضية 23/02/2025 invar8943   153.4 ش خ ت / 7 invar8943 23/02/2025 ل ع 2379 / 7 23/02/2025 كتب
    Dewey Decimal Classification   NOT LOAN / إعارة داخلية مكتبة معهد التربية البدنية و الرياضية مكتبة معهد التربية البدنية و الرياضية 23/02/2025 invar7237   153.4 ش خ ت /1 invar7237 23/02/2025 ل ع 2379 /1 23/02/2025 كتب
    Dewey Decimal Classification   Available مكتبة معهد التربية البدنية و الرياضية مكتبة معهد التربية البدنية و الرياضية 23/02/2025 invar7238   153.4 ش خ ت /2 invar7238 23/02/2025 ل ع 2379 /2 23/02/2025 كتب
    Dewey Decimal Classification   Available مكتبة معهد التربية البدنية و الرياضية مكتبة معهد التربية البدنية و الرياضية 23/02/2025 invar7239   153.4 ش خ ت /3 invar7239 23/02/2025 ل ع 2379 /3 23/02/2025 كتب
    Dewey Decimal Classification   Available مكتبة معهد التربية البدنية و الرياضية مكتبة معهد التربية البدنية و الرياضية 23/02/2025 invar7240   153.4 ش خ ت /4 invar7240 23/02/2025 ل ع 2379 /4 23/02/2025 كتب

موارد الويب المفتوحة


© University of Algiers 3 All Rights Reserved
|
Implemented by LECHELAH Riad